[Event "Galatzi GP op"]
[Site "Galatzi"]
[Date "2007.05.08"]
[Round "1"]
[White "Bitca, Gheorghe"]
[Black "Malaniuk, Vladimir P"]
[Result "0-1"]
[WhiteElo "2048"]
[BlackElo "2529"]
[PlyCount "64"]
[EventDate "2007.05.08"]
[EventType "swiss"]
[EventRounds "9"]
[EventCountry "ROU"]
[SourceTitle "CBM 118 Extra"]
[Source "ChessBase"]
[SourceDate "2007.07.04"]
[SourceVersion "1"]
[SourceVersionDate "2007.07.04"]
[SourceQuality "1"]

1. Nf3 f5 2. d4 Nf6 3. c4 g6 4. Nc3 Bg7 5. Bf4 d6 6. Qd2 Nbd7 7. Bh6 Bxh6 8. Qxh6 e5 9. dxe5 dxe5 10. Rd1 Qe7 11. a3 c6 12. e3 Nc5 13. Be2 Nce4 14. Nxe4 fxe4 15. Ng5 Ng8 16. Qh4 h6 17. f4 exf4 18. exf4 Rh7 19. 0-0 hxg5 20. Qg3 Nh6 21. fxg5 Nf7 22. Rf6 Qc5+ 23. Kh1 Qxg5 24. Qxg5 Nxg5 25. Rxg6 Ne6 26. Rf1 Ke7 27. Rg8 b6 28. Bg4 Bb7 29. Bxe6 Kxe6 30. Rff8 Rxf8 31. Rxf8 Rf7 32. Re8+ Kd7 0-1